zpět

Detail výsledku týmu

Huť Marie 1904, Josefův Důl

Datum a čas kvízu

27.5 Celkem bodů Celkový počet nahraných bodů na tomto kvízu bez doplňovacích otázek.
6. Pořadí na kvízu Konečné umístění týmu na tomto kvízu.

Zaznamenané odpovědi

# Otázka Odpověď Body Výsledky
1. Který politik obdržel minulý t... Tomio Okamura 1
2. Americká influencerka Gwyneth... Robertem Ficem 1
3. Minulý týden jsme se dozvěděli... Yungblud 1
4. V pátek byla oznámena fúze dvo... Paramount (Skydance), Warner Bros. (Discovery) 1
5. Hokejový klub Dynamo Pardubice... B 1
6. Název „Pyrenejský poloostrov“... Iberský poloostrov 0
7. Vyberte správné tvrzení týkají... B 0
8. Níže na mapě vidíte jisté auto... Katalánsko, Barcelona 0
9. Jak se jmenuje portugalský mys... C 0
10. Poslední otázka se týká města... Porto 0